[Event "exe Slovakia Open 2025"]
[Site "Bratislava SVK"]
[Date "2025.09.14"]
[Round "2.28"]
[White "Gouterney, Anton"]
[Black "Holly, Andrej"]
[Result "1/2-1/2"]
[WhiteElo "2000"]
[BlackElo "2199"]
[WhiteFideId "34675418"]
[BlackFideId "14947781"]
[EventDate "2025.09.13"]

1. e4 c5 2. Nf3 e6 3. d4 cxd4 4. Nxd4 Nc6 5. Nc3 Qc7 6. Be3 a6 7. g4 h6 8. h4
Nf6 9. f3 Bb4 10. Nxc6 bxc6 11. Qd2 d5 12. Rd1 Qg3+ 13. Qf2 Qxf2+ 14. Kxf2 Bxc3
15. bxc3 dxe4 16. Bg2 Bb7 17. g5 exf3 18. Bxf3 Nd5 19. Bd4 hxg5 20. hxg5 O-O-O
21. Bxd5 cxd5 22. Bxg7 Rxh1 23. Rxh1 Bc6 24. Bf6 Rd7 25. Rh8+ Kb7 26. Ke3 Ba4
27. Kd2 Kc6 28. Ra8 Bb5 29. Bd4 Bc4 30. a4 Kd6 31. Bf6 Rb7 32. Rf8 Kc6 33. Rc8+
Rc7 34. Rb8 Bf1 35. Rb1 Bh3 36. Rb6+ 1/2-1/2

[Event "exe Slovakia Open 2025"]
[Site "Bratislava SVK"]
[Date "2025.09.14"]
[Round "2.29"]
[White "Lahav, Michal"]
[Black "Kolman, Richard"]
[Result "1-0"]
[WhiteTitle "WIM"]
[WhiteElo "2152"]
[BlackElo "1982"]
[WhiteFideId "2813742"]
[BlackFideId "14904993"]
[EventDate "2025.09.13"]

1. e4 g6 2. d4 Bg7 3. Nc3 c6 4. h3 d6 5. Nf3 Nf6 6. Be3 Nbd7 7. Qd2 e5 8. O-O-O
Qa5 9. Kb1 O-O 10. Nd5 Qxd2 11. Ne7+ Kh8 12. Nxd2 exd4 13. Bxd4 Nc5 14. Nxc8
Raxc8 15. f3 Ne8 16. Bxc5 dxc5 17. Nb3 b6 18. a4 Be5 19. Ba6 Rc7 20. Rd8 Kg7 21.
Rhd1 Nf6 22. R8d3 Rb8 23. Nc1 b5 24. a5 c4 25. Rd8 Nd7 26. Re8 Bf6 27. Re7 Nc5 1-0

[Event "exe Slovakia Open 2025"]
[Site "Bratislava SVK"]
[Date "2025.09.14"]
[Round "2.30"]
[White "Zaiarski, Stepan"]
[Black "Zetocha, Adrian"]
[Result "1/2-1/2"]
[BlackTitle "FM"]
[WhiteElo "1987"]
[BlackElo "2183"]
[WhiteFideId "13907000"]
[BlackFideId "14950430"]
[EventDate "2025.09.13"]

1. d4 Nf6 2. c4 e6 3. g3 d5 4. Bg2 a6 5. Nf3 dxc4 6. O-O Nc6 7. a4 Rb8 8. a5 b6
9. axb6 cxb6 10. Bf4 Bd6 11. Ne5 Ne7 12. Nxc4 Bxf4 13. gxf4 Ng6 14. Qa4+ Bd7 15.
Nd6+ Kf8 16. Qa3 Qe7 17. e3 Nh4 18. Bh1 Rg8 19. Nc4 Qxa3 20. Rxa3 g5 21. f5 g4
22. Nbd2 Bb5 23. Rc1 Nxf5 24. Ne5 Kg7 25. Rc7 Nd6 26. Rac3 h5 27. Bc6 Rgf8 28.
Kg2 h4 29. h3 1/2-1/2

[Event "exe Slovakia Open 2025"]
[Site "Bratislava SVK"]
[Date "2025.09.14"]
[Round "2.31"]
[White "Jendrowiak, Maciej"]
[Black "Smetana, Peter"]
[Result "1-0"]
[WhiteElo "2171"]
[BlackElo "1956"]
[WhiteFideId "21861374"]
[BlackFideId "14961946"]
[EventDate "2025.09.13"]

1. e4 c5 2. Nf3 d6 3. d4 cxd4 4. Nxd4 Nc6 5. Nc3 e5 6. Ndb5 a6 7. Na3 Be6 8. Nd5
Nf6 9. Bg5 Bxd5 10. Qxd5 Qb6 11. Bxf6 Qxb2 12. Bc4 Qc3+ 13. Kf1 gxf6 14. Rb1
Qxa3 15. Qxf7+ Kd8 16. Qxf6+ Kc7 17. Qxh8 Qa4 18. Qxh7+ Be7 19. Bb3 Qd4 20. Bd5
Rf8 21. f3 Re8 22. g3 Qd2 23. Bxc6 bxc6 24. Qf7 Qxc2 25. Qb3 Qc5 26. Kg2 Kd7 27.
Rhc1 Qa5 28. Qb7+ Ke6 29. f4 Kf6 1-0

[Event "exe Slovakia Open 2025"]
[Site "Bratislava SVK"]
[Date "2025.09.14"]
[Round "2.32"]
[White "Dalgar, Hakki Berat"]
[Black "Shtemler, Lavi"]
[Result "1-0"]
[WhiteTitle "CM"]
[WhiteElo "1979"]
[BlackElo "2185"]
[WhiteFideId "6347444"]
[BlackFideId "2812061"]
[EventDate "2025.09.13"]

1. d4 Nf6 2. Bg5 e6 3. e4 h6 4. Bxf6 Qxf6 5. c3 c5 6. d5 exd5 7. exd5 g6 8. Bd3
Bg7 9. Qe2+ Qe7 10. Na3 Qxe2+ 11. Nxe2 d6 12. O-O Na6 13. Nb5 Kd7 14. f4 Nc7 15.
f5 g5 16. f6 Bf8 17. Bf5+ Kd8 18. Nxc7 Kxc7 19. g4 h5 20. Ng3 hxg4 21. Rae1 Bd7
22. Bxd7 Kxd7 23. Kg2 Rh6 24. Ne4 Re8 25. Nxg5 Rxe1 26. Rxe1 Rh5 27. Nxf7 Rxd5
28. Nh8 Bg7 29. Ng6 Bf8 30. Kf1 1-0

[Event "exe Slovakia Open 2025"]
[Site "Bratislava SVK"]
[Date "2025.09.14"]
[Round "2.33"]
[White "Oruzinsky, Juraj"]
[Black "Skrinar, Marek"]
[Result "1/2-1/2"]
[WhiteTitle "FM"]
[WhiteElo "2318"]
[BlackElo "1956"]
[WhiteFideId "14962195"]
[BlackFideId "14940710"]
[EventDate "2025.09.13"]

1. e4 e5 2. Nf3 Nc6 3. Bc4 Bc5 4. c3 Nf6 5. d3 d6 6. O-O O-O 7. Re1 Bg4 8. h3
Bh5 9. g4 Bg6 10. Bg5 h6 11. Bh4 Qd7 12. Bxf6 gxf6 13. Nh4 Kg7 14. a4 a5 15. Nd2
Rh8 16. Qf3 h5 17. Qg3 hxg4 18. hxg4 Rag8 19. Kg2 Kf8 20. f3 Bh5 21. Nf5 Bg6 22.
Nh4 Bh5 23. Nf5 Bg6 24. Rh1 Bxf5 25. exf5 Be3 26. Ne4 Ke7 27. Bd5 Bf4 28. Qf2
Nd8 29. Rh4 c6 30. Bb3 Rxh4 31. Qxh4 Qxf5 32. Rh1 d5 33. Qf2 dxe4 34. Qc5+ Ke8
35. dxe4 Qd7 36. Rd1 Qe7 37. Qxa5 Rh8 38. Qb6 1/2-1/2

[Event "exe Slovakia Open 2025"]
[Site "Bratislava SVK"]
[Date "2025.09.14"]
[Round "2.34"]
[White "Nadzamova, Viktoria"]
[Black "Vasko, Matej"]
[Result "1-0"]
[WhiteTitle "WFM"]
[WhiteElo "2129"]
[BlackElo "1926"]
[WhiteFideId "14943999"]
[BlackFideId "14969360"]
[EventDate "2025.09.13"]

1. e4 c5 2. Nc3 Nc6 3. d3 g6 4. g3 Bg7 5. Bg2 d6 6. f4 Nf6 7. Nf3 O-O 8. O-O Rb8
9. h3 Nd7 10. g4 b5 11. a3 a5 12. Nd5 Nd4 13. c3 Nxf3+ 14. Qxf3 e6 15. Ne3 b4
16. axb4 axb4 17. Bd2 bxc3 18. Bxc3 Rb3 19. Bxg7 Kxg7 20. Qd1 Rb4 21. g5 f6 22.
h4 fxg5 23. hxg5 Qe7 24. Qd2 Bb7 25. Rae1 Kh8 26. Bh3 Re8 27. Nc4 Nb6 28. Nxb6
Rxb6 29. f5 e5 30. fxg6 hxg6 31. Rf6 Kg7 32. Ref1 Bc8 1-0

[Event "exe Slovakia Open 2025"]
[Site "Bratislava SVK"]
[Date "2025.09.14"]
[Round "2.35"]
[White "Akdogan, Alperen"]
[Black "Antal, Jozsef"]
[Result "1-0"]
[WhiteTitle "FM"]
[WhiteElo "2113"]
[BlackElo "1868"]
[WhiteFideId "6347363"]
[BlackFideId "710270"]
[EventDate "2025.09.13"]

1. d4 d5 2. Nf3 e6 3. c4 Nf6 4. g3 Be7 5. Bg2 O-O 6. O-O b6 7. cxd5 exd5 8. Nc3
Bb7 9. Ne5 Nbd7 10. Qa4 Nb8 11. Rd1 Re8 12. Bg5 Ne4 13. Nxe4 dxe4 14. Bxe7 Rxe7
15. Rac1 f6 16. Ng4 Qd7 17. Qxd7 Rxd7 18. Ne3 Na6 19. d5 Re8 20. Rd4 g6 21. Rxe4
Rxe4 22. Bxe4 f5 23. Bd3 Nc5 24. Bb5 Re7 25. b4 Ne4 26. Bc6 Bc8 27. Nc4 g5 28.
f3 Nf6 29. Kf2 h5 30. a4 h4 1-0

[Event "exe Slovakia Open 2025"]
[Site "Bratislava SVK"]
[Date "2025.09.14"]
[Round "2.36"]
[White "Pacher, Milan"]
[Black "Osvald, David"]
[Result "1-0"]
[WhiteTitle "GM"]
[WhiteElo "2392"]
[BlackElo "1815"]
[WhiteFideId "14907445"]
[BlackFideId "14974398"]
[EventDate "2025.09.13"]

1. d4 Nf6 2. Nf3 e6 3. Bg5 d5 4. e3 Be7 5. Nbd2 O-O 6. c3 h6 7. Bxf6 Bxf6 8. h4
g6 9. Bd3 Nd7 10. Qe2 c5 11. O-O-O cxd4 12. exd4 Qa5 13. Kb1 b5 14. Ne5 Nxe5 15.
dxe5 Bg7 16. h5 g5 17. Ne4 Bxe5 18. Nxg5 Bg7 19. Nf3 Rb8 20. Rh4 b4 21. Rg4 d4
22. cxd4 e5 23. Rg3 Be6 24. b3 Qa3 25. Qxe5 1-0

[Event "exe Slovakia Open 2025"]
[Site "Bratislava SVK"]
[Date "2025.09.14"]
[Round "2.37"]
[White "Povysil, Peter"]
[Black "Sommerbauer-Cornell, Ben"]
[Result "0-1"]
[WhiteElo "1853"]
[BlackElo "1977"]
[WhiteFideId "14908344"]
[BlackFideId "494712"]
[EventDate "2025.09.13"]

1. e4 e6 2. Nf3 c5 3. d4 cxd4 4. Nxd4 Nf6 5. Nc3 Bb4 6. Bd3 d6 7. Bd2 Nc6 8. Nb3
d5 9. exd5 exd5 10. Qe2+ Be7 11. O-O-O O-O 12. Bg5 Be6 13. Kb1 Re8 14. h3 d4 15.
Bxf6 Bxf6 16. Ne4 Be7 17. f4 Qc7 18. Qf2 Rad8 19. a3 Qb6 20. Ned2 a5 21. f5 Bxb3
22. cxb3 Ne5 23. Nc4 Nxd3 24. Rxd3 Qa7 25. Qd2 b6 26. g4 Bc5 27. Rd1 Qe7 28. Qf4
h6 29. b4 axb4 30. axb4 Bxb4 31. Rxd4 Bc5 32. Rxd8 Rxd8 33. Rxd8+ Qxd8 34. Qd2
Qe7 35. Qc3 Qe4+ 36. Ka2 Qd5 37. Qb3 Kh7 38. Na3 Qxb3+ 39. Kxb3 h5 40. Ka4 hxg4
41. hxg4 Kh6 42. Nc4 Kg5 43. Kb5 Kxg4 44. Nxb6 Kxf5 45. b3 g5 46. Nd5 Ke4 47.
Kc4 g4 48. b4 g3 49. b5 g2 0-1

[Event "exe Slovakia Open 2025"]
[Site "Bratislava SVK"]
[Date "2025.09.14"]
[Round "2.38"]
[White "Eichler, Alexander"]
[Black "Kebbedies, Frank"]
[Result "1/2-1/2"]
[WhiteElo "1976"]
[BlackElo "1823"]
[WhiteFideId "12935921"]
[BlackFideId "24606944"]
[EventDate "2025.09.13"]

1. e4 e5 2. Nf3 Nf6 3. Nxe5 d6 4. Nf3 Nxe4 5. d4 Be7 6. Bd3 Nf6 7. O-O O-O 8. h3
Re8 9. Re1 Nbd7 10. c4 Nf8 11. Nc3 c6 12. Bf4 Ng6 13. Bh2 Bf8 14. Rxe8 Qxe8 15.
Qb3 Qd8 16. Re1 Nh5 17. d5 c5 18. Ne4 b6 19. Qd1 Nf6 20. Neg5 a6 21. Qc2 Ra7 22.
Re3 Re7 23. Qe2 Qe8 24. Nd2 Rxe3 25. Qxe3 Qxe3 26. fxe3 b5 27. b3 b4 28. Kf2 Be7
29. Nge4 h6 1/2-1/2

[Event "exe Slovakia Open 2025"]
[Site "Bratislava SVK"]
[Date "2025.09.14"]
[Round "2.39"]
[White "Krivosik, Matus"]
[Black "Iankin, Arseni"]
[Result "0-1"]
[WhiteElo "1838"]
[BlackElo "1976"]
[WhiteFideId "73619671"]
[BlackFideId "24224073"]
[EventDate "2025.09.13"]

1. d4 Nf6 2. Nf3 g6 3. Bf4 Bg7 4. Qd2 Ne4 5. Qe3 Nd6 6. Qd3 b6 7. e4 Ba6 8. Qe3
Bxf1 9. Kxf1 f6 10. Nbd2 Nf7 11. e5 O-O 12. g4 e6 13. h4 fxe5 14. dxe5 Nc6 15.
h5 g5 16. Nxg5 Nxg5 17. Bxg5 Qe8 18. Bf4 Qf7 19. Bg3 Nxe5 20. g5 Ng4 21. Qe2 Qf5
22. Rh4 Ne5 23. Ne4 Bf6 24. gxf6 Kh8 25. Rg4 0-1

[Event "exe Slovakia Open 2025"]
[Site "Bratislava SVK"]
[Date "2025.09.14"]
[Round "2.40"]
[White "Matejka, Simon"]
[Black "Albu, Vlad"]
[Result "1/2-1/2"]
[WhiteElo "1950"]
[BlackElo "1815"]
[WhiteFideId "14974541"]
[BlackFideId "13909622"]
[EventDate "2025.09.13"]

1. e4 c5 2. Nf3 d6 3. d4 cxd4 4. Nxd4 Nf6 5. Nc3 a6 6. f3 e5 7. Nb3 Be7 8. Be3
Be6 9. Nd5 Nxd5 10. exd5 Bf5 11. c4 Nd7 12. Bd3 Bg6 13. Bxg6 hxg6 14. Qe2 Rc8
15. O-O O-O 16. Rac1 g5 17. Nd2 f5 18. g4 f4 19. Bf2 Nf6 20. Ne4 Qd7 21. Nxf6+
gxf6 22. Rfd1 f5 23. h3 Rfe8 24. c5 Bf8 25. Qc4 b5 26. c6 Qh7 27. Qf1 e4 28. Qg2
e3 29. Be1 Bg7 30. Bc3 Bxc3 31. Rxc3 Qh4 32. Rc2 fxg4 33. hxg4 Rc7 34. Qh2 Qxh2+
35. Kxh2 Kg7 36. Kg2 Kf6 37. Kf1 Rh8 38. Rg2 Rh1+ 39. Ke2 Rxd1 40. Kxd1 Ke5 41.
Rh2 Kxd5 42. Rh5 Rxc6 43. Rxg5+ Kd4 44. Rf5 d5 45. g5 Rc5 46. b4 Rc6 47. Rf6 Rc8
48. g6 Kc4 49. Rxa6 Rc7 50. Ke2 Rd7 51. Rf6 d4 52. Rxf4 Kc3 53. Rf7 Rd8 54. Rc7+
Kxb4 55. Kd3 Re8 56. Rc2 Rg8 57. Kxd4 Rxg6 58. Kxe3 Ka3 59. f4 b4 60. f5 Rg1 61.
Kf4 Rf1+ 62. Ke5 Re1+ 63. Kd6 Rf1 64. Ke6 Re1+ 65. Kf7 Ra1 66. f6 Rxa2 67. Rxa2+
Kxa2 68. Ke7 b3 69. f7 b2 70. f8=Q b1=Q 71. Qa8+ Kb2 72. Qb8+ Kc1 73. Qxb1+ 1/2-1/2

[Event "exe Slovakia Open 2025"]
[Site "Bratislava SVK"]
[Date "2025.09.14"]
[Round "2.41"]
[White "Fudala, Dominik"]
[Black "Shlaen, Rem"]
[Result "1/2-1/2"]
[WhiteElo "1829"]
[BlackElo "1995"]
[WhiteFideId "1189298"]
[BlackFideId "2812932"]
[EventDate "2025.09.13"]

1. e4 c5 2. Nc3 Nc6 3. Bb5 g6 4. Bxc6 dxc6 5. f4 Bg7 6. Nf3 Nf6 7. d3 Qc7 8. O-O
Bd7 9. Qe1 h6 10. a4 b6 11. Ne2 a5 12. Rb1 c4 13. Bd2 cxd3 14. cxd3 O-O 15. h3
b5 16. b3 c5 17. Nc3 bxa4 18. bxa4 Bc6 19. Ne5 Rfd8 20. Nd7 h5 21. Kh1 1/2-1/2

[Event "exe Slovakia Open 2025"]
[Site "Bratislava SVK"]
[Date "2025.09.14"]
[Round "2.42"]
[White "Havalda, Samuel"]
[Black "Staub, Tom"]
[Result "0-1"]
[WhiteElo "1963"]
[BlackElo "1772"]
[WhiteFideId "14955490"]
[BlackFideId "34674713"]
[EventDate "2025.09.13"]

1. e4 c5 2. Nf3 e6 3. c4 Nc6 4. Nc3 Nf6 5. Be2 d5 6. e5 Ng4 7. cxd5 exd5 8. d4
cxd4 9. Nxd4 Ngxe5 10. Bb5 Bb4 11. O-O O-O 12. Re1 Bxc3 13. bxc3 Qf6 14. Qb3
Nxd4 15. cxd4 Ng4 16. Qg3 Qxd4 17. Ba3 Be6 18. Rad1 Qf6 19. Bxf8 Rxf8 20. h3 Nh6
21. Qc7 Nf5 22. Qxb7 Nh4 23. Bf1 Qg5 24. Re3 Nf5 25. Ra3 d4 26. Rxa7 Nh4 27.
Rxd4 Bxh3 28. Rxh4 Bxg2 29. Qe7 f6 30. Bc4+ Bd5+ 31. Kf1 Qc1+ 32. Ke2 Bxc4+ 33.
Kf3 Bd5+ 34. Re4 Bxe4+ 35. Qxe4 Qh1+ 0-1

[Event "exe Slovakia Open 2025"]
[Site "Bratislava SVK"]
[Date "2025.09.14"]
[Round "2.43"]
[White "Donauer Daniel"]
[Black "Benci, Jozef"]
[Result "1/2-1/2"]
[WhiteElo "1812"]
[BlackElo "1960"]
[WhiteFideId "1365754"]
[BlackFideId "14967596"]
[EventDate "2025.09.13"]

1. e4 c5 2. Nf3 d6 3. d4 cxd4 4. Nxd4 Nf6 5. Nc3 a6 6. Be3 e5 7. Nf3 h6 8. Nd2
Be6 9. Nc4 Bxc4 10. Bxc4 Be7 11. a3 O-O 12. O-O Nbd7 13. Qe2 Qc7 14. Rfd1 b5 15.
Nd5 Nxd5 16. Bxd5 Rac8 17. Rac1 Nb6 18. Bxb6 Qxb6 19. Rd3 Kh8 20. g4 Rc5 21. b4
Rc7 22. c4 Bg5 23. Rc2 Rfc8 24. Rdc3 Qd4 25. Qd3 Bf6 26. Kg2 Kg8 27. Kg3 Qb6 28.
h4 bxc4 29. Rxc4 Rxc4 30. Rxc4 Rb8 31. Qc3 Qd8 32. h5 Bh4+ 1/2-1/2

[Event "exe Slovakia Open 2025"]
[Site "Bratislava SVK"]
[Date "2025.09.14"]
[Round "2.44"]
[White "Deak, Gabriel"]
[Black "Orlov, Konstantin"]
[Result "1/2-1/2"]
[WhiteElo "1956"]
[BlackElo "1785"]
[WhiteFideId "14906295"]
[BlackFideId "1681575"]
[EventDate "2025.09.13"]

1. d4 d5 2. Nf3 Nf6 3. e3 Bg4 4. h3 Bxf3 5. Qxf3 e6 6. Bd3 c5 7. c3 Nc6 8. Nd2
Be7 9. O-O O-O 10. dxc5 Ne5 11. Qe2 Nxd3 12. Qxd3 Bxc5 13. b4 Bd6 14. Bb2 Rc8
15. a3 a6 16. Rfd1 Qc7 17. Rac1 Rfd8 18. Qe2 Qe7 19. c4 dxc4 20. Nxc4 Bb8 21.
Bd4 Ne8 22. f4 f6 23. Bc5 Qc7 24. Rxd8 Qxd8 25. Rd1 Qc7 26. Qd3 Ba7 27. Bxa7
Qxc4 28. Qxc4 Rxc4 29. Rd8 Kf7 30. Rd7+ Kg6 31. Rxb7 Rc3 32. Bc5 f5 33. a4 a5
34. Re7 Nf6 35. Rxe6 Rc4 36. Rb6 Kh5 37. Kh2 g6 38. g4+ Kh4 39. gxf5 Ne4 40. Kg1
Rc2 41. Rb8 axb4 42. Bxb4 Kxh3 43. Be1 gxf5 44. a5 Kg4 45. Kf1 h5 46. Bb4 Rc1+
47. Ke2 Rc6 48. Be1 Rc2+ 49. Kd3 Rc1 50. Bb4 h4 51. Rh8 h3 52. Kd4 Rb1 53. Kc4
Kg3 54. a6 Ra1 55. Kb5 h2 56. Ba5 h1=Q 57. Rxh1 Rxh1 58. Bc7 Rh8 59. a7 Ra8 60.
Bb8 Kf3 61. Kc6 Kxe3 62. Kd5 Nf6+ 63. Kc6 Rxa7 64. Bxa7+ Kxf4 65. Kc5 Ke4 66.
Kc4 f4 67. Kc3 Nd5+ 68. Kd2 f3 69. Ke1 1/2-1/2

[Event "exe Slovakia Open 2025"]
[Site "Bratislava SVK"]
[Date "2025.09.14"]
[Round "2.45"]
[White "Sipka, Mladen"]
[Black "Benci, Rudolf"]
[Result "1-0"]
[WhiteElo "1954"]
[BlackElo "1787"]
[WhiteFideId "911976"]
[BlackFideId "14963191"]
[EventDate "2025.09.13"]

1. d4 d5 2. Nf3 Nf6 3. g3 c6 4. Bg2 g6 5. O-O Bg7 6. b3 O-O 7. Bb2 Bg4 8. h3
Bxf3 9. Bxf3 Nbd7 10. Nd2 Re8 11. e4 dxe4 12. Nxe4 Nxe4 13. Bxe4 Nf6 14. Bg2 e6
15. Re1 Qc7 16. Qe2 Rad8 17. Rad1 Rd7 18. c4 Red8 19. Rd3 Nh5 20. Red1 Qb6 21.
Qd2 Qc7 22. Bc3 b6 23. a4 c5 24. d5 exd5 25. Bxg7 Nxg7 26. Rxd5 Rxd5 27. Bxd5
Ne6 28. Re1 Nd4 29. Qg5 Rd7 30. Qf6 Ne6 31. Rxe6 Rxd5 32. Re8# 1-0

[Event "exe Slovakia Open 2025"]
[Site "Bratislava SVK"]
[Date "2025.09.14"]
[Round "2.46"]
[White "Kebis, Milos"]
[Black "Kudela, Oliver"]
[Result "0-1"]
[WhiteElo "1806"]
[BlackElo "1894"]
[WhiteFideId "14901471"]
[BlackFideId "14971755"]
[EventDate "2025.09.13"]

1. c4 e5 2. Nc3 Nf6 3. g3 Bb4 4. Bg2 O-O 5. Qb3 Bc5 6. e3 Nc6 7. a3 d6 8. Qc2 a6
9. b4 Ba7 10. Bb2 Be6 11. Nd5 Bxd5 12. cxd5 Ne7 13. Rc1 Rc8 14. Bh3 Nd7 15. Qb3
f5 16. Ne2 Qe8 17. Bg2 Qf7 18. d4 c6 19. dxe5 dxe5 20. Rd1 e4 21. Nc3 Nf6 22.
O-O Nfxd5 23. Rd2 Nxe3 24. Qxf7+ Kxf7 25. fxe3 Bxe3+ 26. Rdf2 Rcd8 27. Kh1 Bxf2
28. Rxf2 Kg8 29. Bf1 Nd5 30. Bc4 Kh8 31. g4 Nxc3 32. Bxc3 Rd1+ 33. Rf1 Rxf1+ 34.
Bxf1 fxg4 35. Be2 h5 36. Kg2 e3 37. Be1 Kh7 38. h3 gxh3+ 39. Kxh3 Kh6 40. a4 g5
41. Bg3 g4+ 42. Kh4 Rf5 43. Bd3 Kg6 44. Be2 Rf3 45. Bd3+ Kf6 46. a5 Ke6 47. Bc4+
Kd7 48. Be2 c5 49. b5 axb5 50. Bxb5+ Ke7 51. Bc4 Rf5 0-1

[Event "exe Slovakia Open 2025"]
[Site "Bratislava SVK"]
[Date "2025.09.14"]
[Round "2.47"]
[White "Livnansky, Michal"]
[Black "Janovicek, Lukas"]
[Result "1/2-1/2"]
[WhiteElo "1912"]
[BlackElo "1836"]
[WhiteFideId "73622885"]
[BlackFideId "14975831"]
[EventDate "2025.09.13"]

1. d4 d5 2. c4 Nf6 3. Nc3 e6 4. cxd5 exd5 5. Bf4 c6 6. e3 Bf5 7. Nf3 Bd6 8. Bxd6
Qxd6 9. Bd3 Bxd3 10. Qxd3 Nbd7 11. O-O O-O 12. Rfc1 Rfe8 13. b4 Ne4 14. b5 Nb6
15. bxc6 bxc6 16. Rab1 Nxc3 17. Rxc3 Nc4 18. Rbc1 Rec8 19. Nd2 Nxd2 20. Qxd2
Rab8 21. Qc2 Rb6 22. Rc5 g6 23. g3 Kf8 24. e4 dxe4 25. Qxe4 Re8 26. Qd3 Rd8 27.
R1c4 Qf6 28. Qc3 Qe6 29. h4 Ke8 30. Kg2 1/2-1/2

[Event "exe Slovakia Open 2025"]
[Site "Bratislava SVK"]
[Date "2025.09.14"]
[Round "2.48"]
[White "Vinarcik, Jan"]
[Black "Mandak, Miroslav"]
[Result "0-1"]
[WhiteElo "1800"]
[BlackElo "1947"]
[WhiteFideId "14901030"]
[BlackFideId "14902990"]
[EventDate "2025.09.13"]

1. e4 c5 2. Nc3 Nc6 3. g3 d6 4. Bg2 Nf6 5. d3 g6 6. Nge2 Bg7 7. O-O Rb8 8. f4
Nd7 9. Be3 Nd4 10. Qd2 Qa5 11. Nc1 a6 12. Nb3 Qd8 13. Qf2 Nc6 14. Rae1 O-O 15.
h3 e6 16. g4 b6 17. Nd1 a5 18. c3 Ba6 19. Qd2 Ne7 20. f5 Nc6 21. fxe6 fxe6 22.
Rxf8+ Nxf8 23. d4 c4 24. Nc1 Ne7 25. Rf1 b5 26. Bg5 Qe8 27. Qf2 h6 28. Bf6 Nd7
29. e5 d5 30. h4 b4 31. g5 Nf5 32. Ne3 bxc3 33. bxc3 Bxf6 34. Nxf5 gxf5 35. gxf6
Nf8 36. Qf4 Kh7 37. Bf3 Ng6 38. Qh2 Qd7 39. h5 Nh8 40. Kh1 Nf7 41. Qc2 Bb5 42.
Bg2 Ba4 43. Qf2 Ng5 44. Qe3 Qf7 45. Qe2 Be8 46. Bf3 a4 47. a3 Qf8 48. Qa2 Bf7
49. Bd1 Be8 50. Rf2 Ne4 51. Rg2 Nxc3 52. Qc2 Ne4 53. Rg7+ Kh8 54. Qg2 Ng5 55.
Qa2 Bf7 56. Bxa4 Ra8 57. Bd1 Qxa3 58. Qd2 Qh3+ 59. Kg1 Ra3 0-1

[Event "exe Slovakia Open 2025"]
[Site "Bratislava SVK"]
[Date "2025.09.14"]
[Round "2.49"]
[White "Mikusik, Marian"]
[Black "Molnar, Sviatoslav"]
[Result "1-0"]
[WhiteElo "1947"]
[BlackElo "1740"]
[WhiteFideId "14905345"]
[BlackFideId "14974185"]
[EventDate "2025.09.13"]

1. e4 e5 2. Nf3 Nc6 3. Bb5 Nf6 4. Qe2 Bc5 5. c3 O-O 6. d3 d6 7. h3 h6 8. Ba4 a6
9. Bb3 Bb6 10. Nbd2 Na5 11. Bc2 c5 12. Nf1 Nc6 13. g4 Nh7 14. Rg1 Ne7 15. Ne3 g6
16. Bb3 Kg7 17. h4 Be6 18. Nf5+ Nxf5 19. gxf5 Bxb3 20. axb3 Qf6 21. fxg6 1-0

[Event "exe Slovakia Open 2025"]
[Site "Bratislava SVK"]
[Date "2025.09.14"]
[Round "2.50"]
[White "Munk, Lubomir"]
[Black "Ondreicka, Roman"]
[Result "0-1"]
[WhiteElo "1769"]
[BlackElo "1938"]
[WhiteFideId "14903806"]
[BlackFideId "14980231"]
[EventDate "2025.09.13"]

1. c4 e5 2. Nc3 Nf6 3. g3 Bc5 4. Bg2 Nc6 5. d3 d6 6. h3 O-O 7. e4 a6 8. Nge2 b5
9. Nd5 Nxd5 10. cxd5 Nd4 11. O-O f5 12. Kh2 f4 13. Nxd4 Bxd4 14. a4 Qf6 15. Bf3
Bd7 16. a5 Rf7 17. Rb1 Raf8 18. Bd2 Qg5 19. gxf4 Qh4 20. Bg4 exf4 21. Qf3 Bxg4
22. Qxg4 Bxf2 23. Qxh4 Bxh4 24. Rf3 Bf6 25. b4 Bd4 26. Rc1 g5 27. Rc6 Ra8 28. h4
g4 29. Rf1 Be5 30. Kg2 f3+ 31. Kg1 Bd4+ 32. Kh2 h5 33. Be1 Kf8 34. Bg3 Ke8 35.
Rfc1 Kd8 36. Kh1 Be3 37. Rd1 Rd7 38. d4 Rf7 39. e5 Bf4 40. Bxf4 Rxf4 41. exd6
cxd6 42. Rxd6+ Ke7 43. Rh6 f2 44. Kg2 Raf8 45. d6+ Kd7 46. Kf1 g3 47. Rh7+ Kd8
48. Ra7 g2+ 49. Kxg2 f1=Q+ 50. Rxf1 Rg4+ 0-1

[Event "exe Slovakia Open 2025"]
[Site "Bratislava SVK"]
[Date "2025.09.14"]
[Round "2.51"]
[White "Korenova, Simona"]
[Black "Kopia, Julian"]
[Result "1/2-1/2"]
[WhiteElo "1905"]
[BlackElo "1800"]
[WhiteFideId "14941813"]
[BlackFideId "41806417"]
[EventDate "2025.09.13"]

1. d4 Nf6 2. c4 g6 3. Nc3 Bg7 4. e4 d6 5. Nf3 O-O 6. Be2 Nbd7 7. O-O e5 8. Re1
Qe7 9. Bf1 c6 10. Rb1 a5 11. b3 exd4 12. Nxd4 Nc5 13. f3 Rd8 14. Be3 Qc7 15. Qc1
Ne6 16. Na4 Nd7 17. Nc2 Nec5 18. Nxc5 Nxc5 19. Bh6 f5 20. Bxg7 Qxg7 21. Qg5 Re8
22. Rbd1 fxe4 23. Rxd6 Ne6 24. Qg3 exf3 25. Qxf3 Rf8 26. Qd1 Nf4 27. Rd8 Bf5 28.
Rxa8 Rxa8 29. Ne3 Qf6 30. Qf3 Bd7 31. Qg3 Rf8 32. Rd1 Nh5 33. Qe1 Bc8 34. c5 Qe5
35. Bc4+ Kh8 36. Qd2 Re8 37. Qd4 Qxd4 38. Rxd4 Rxe3 39. Rd8+ Kg7 40. Rxc8 Re1+
41. Kf2 Ra1 42. Rc7+ Kh6 43. Rf7 Rxa2+ 44. Kf3 a4 45. h4 g5 46. hxg5+ Kxg5 47.
Rxb7 axb3 48. Bxb3 Ra5 49. Rxh7 Rxc5 50. Rb7 Rc3+ 51. Kf2 c5 52. Rb5 Nf6 53. Be6
Kf4 54. Ra5 Rc2+ 55. Kf1 Ne4 56. Ra4 Ke3 57. Ra3+ Nc3 58. Kg1 Kf4 59. Kh2 Rc1
60. Ra8 Ne4 61. Rf8+ Ke5 62. Bg8 c4 63. Bxc4 Rxc4 64. Kh3 Rc3+ 65. Kh4 Nf6 66.
g3 Rc7 67. Kh3 Rh7+ 68. Kg2 Rg7 69. Ra8 Nd5 70. Ra4 Rb7 71. Rh4 Nf6 72. Ra4 Rb5 1/2-1/2

[Event "exe Slovakia Open 2025"]
[Site "Bratislava SVK"]
[Date "2025.09.14"]
[Round "2.52"]
[White "Barbir, Petar"]
[Black "Thornley, Oliver"]
[Result "1-0"]
[WhiteElo "1923"]
[BlackElo "1731"]
[WhiteFideId "14596466"]
[BlackFideId "445916"]
[EventDate "2025.09.13"]

1. e4 c5 2. Nf3 e6 3. d4 cxd4 4. Nxd4 a6 5. Nc3 b5 6. Be2 Bb7 7. O-O Qc7 8. Re1
Nf6 9. Bf3 Nc6 10. e5 b4 11. exf6 bxc3 12. fxg7 Bxg7 13. Nf5 Bf8 14. bxc3 O-O-O
15. Nd4 d5 16. Nxc6 Bxc6 17. Bg5 Be7 18. Bxe7 Qxe7 19. Qd4 Qc7 20. a4 Rhe8 21.
Rab1 e5 22. Bg4+ Bd7 23. Bxd7+ Rxd7 24. Qd3 Re6 25. Qxh7 e4 26. c4 Qd6 27. Qh8+
Rd8 28. Qd4 Rh6 29. h3 Rg8 30. Qxd5 Qg6 31. Qa8+ Kc7 32. Rb7+ Kc6 33. Qxa6+ Kc5
34. Qb5+ Kd4 35. Rd1+ 1-0